| Поле | Инд. | ПП | Название | Значение |
|---|---|---|---|---|
| Тип записи | a | |||
| Библиографический уровень | m | |||
| 001 | Контрольный номер | 0b713dcf-dc69-4cee-b570-dc01540e6be9 | ||
| 005 | Дата корректировки | 20200629111207.2 | ||
| 008 | Кодируемые данные | 080403 | ||
| 020 | a | ISBN | 5-17-039850-6 (АСТ) | |
| a | ISBN | 5-271-15544-7 (Астрель) | ||
| a | ISBN | 2-13-052532-6 (фр.) | ||
| c | Цена, тираж | 32.90 | ||
| 040 | a | Служба первич. каталог. | НБ ТвГУ | |
| 041 | 0_ | a | Код языка текста | rus |
| h | Код языка оригинала | fre | ||
| 080 | a | Индекс УДК | 94(38) | |
| a | Индекс УДК | 929Александр Македонский | ||
| 084 | a | Индекс другой классификации/Индекс ББК | Т3(0)322.0 | |
| 090 | x | Авторский знак | Б87 | |
| a | Полочн. индекс | Т3(0)32 | ||
| 100 | 1_ | a | Автор | Бриан Пьер |
| 245 | 00 | a | Заглавие | Александр Македонский |
| c | Ответственность | Пьер Бриан ; [пер. с фр. И. Нагле] | ||
| 260 | 0_ | a | Место издания | Москва |
| b | Издательство | АСТ | ||
| b | Издательство | Астрель | ||
| c | Дата издания | 2007 | ||
| 300 | a | Объем | 157, [1] с. | |
| 440 | _0 | a | Серия | Cogito, ergo sum |
| a | Серия | Университетская библиотека | ||
| 490 | _0 | v | N тома | 60 |
| 500 | a | Примечание | Кн. фактически изд. в 2006 г. | |
| 504 | a | Библиография | Библиогр. : с. 156 и в подстроч. примеч. | |
| 583 | a | Действие | Получение впервые 97 02.04.2008 | |
| k | Исполнитель действия | ООО "Альфа АСТ" | ||
| 650 | 04 | a | Основная рубрика | Александр Македонский, о нем |
| 650 | 04 | a | Основная рубрика | Империя Александра Македонского |
| 650 | 04 | a | Основная рубрика | Античный мир |
| x | Основная подрубрика | История | ||
| y | Хронологическая подрубрика | 4 в. до н. э. | ||
| 653 | 0_ | a | Ключевые слова | Александр Македонский |
| a | Ключевые слова | Империя Александра Македонского | ||
| a | Ключевые слова | Древняя Греция | ||
| a | Ключевые слова | Античный мир | ||
| a | Ключевые слова | Эллинизм | ||
| a | Ключевые слова | История античного мира | ||
| 700 | 1_ | a | Другие авторы | Нагле И. |
| e | Роль лиц | пер. | ||
| 852 | 41 | t | Порядковый номер экземпляра | 1 |
| p | Инвентарный номер | 905732 | ||
| 852 | 41 | t | Порядковый номер экземпляра | 1 |
| p | Инвентарный номер | 905733 | ||
| 863 | t | 00218051 | ||
| 863 | t | 00218052 | ||
| 888 | a | За счет средств университета | ||
| 920 | a | Оператор | Прокоф | |
| 952 | p | 97.2008 32.90 1 905732 | ||
| p | 97.2008 32.90 1 905733 | |||
| c | Вид литературы | К рн | ||
| 954 | a | Дата поступления на обработку | 20080415 | |
| 999 | a | Подразделение 2 | ч.з. | |
| a | Подразделение 2 | аб. |